| 000 | 00538nam a22001817a 4500 | ||
|---|---|---|---|
| 005 | 20251204170042.0 | ||
| 008 | 250909b |||||||| |||| 00| 0 eng d | ||
| 020 | _a978-81-312-7090-5 | ||
| 041 | _aeng | ||
| 082 | _a616.079 ABB-B | ||
| 100 |
_aABBAS , ABUL K. AND LICHTMAN, ANDREW H AND PILLAI SHIV _98672 |
||
| 245 | _aBASIC IMMUNOLOGY: FUNCTION AND DISORDERS OF THE IMMUNE SYSTEM [7TH ED.] | ||
| 250 | _a7TH ED. | ||
| 260 |
_aGURGAON _bELSEVIER _c2024 |
||
| 300 | _a345;P | ||
| 650 |
_aPARAMEDICAL _xBMIRT/BMLT _98848 |
||
| 942 | _cBK | ||
| 999 |
_c8801 _d8799 |
||